000 00700cam a2200241 4500
008 090401t1987 xxu||||| |||| 00| 0 eng d
020 _a0854063285
035 _a(Sirsi) u43500
041 _aeng
050 _a711.52
090 _aRICS 1987/3 ABCD
100 _aHome, Robert
245 _aCovent Garden
260 _aLondon
_bSurveyors Publications
_c1987
300 _a64p. ; 17cm. x 24cm.
350 _a5.95
490 _aPlanning (for the Natural and Built Environment)
_v5 and Development case study
520 _aPublished on behalf of the Royal Institution of Chartered Surveyors .
650 _aCOVENT GARDEN
700 _aLoew, Sebastian
942 _n0
948 _c04/03/1997
999 _c91345
_d91345